Possibility of collecting Hevea seeds at the yellow pod stage (Record no. 65334)

MARC details
000 -LEADER
fixed length control field 00329nam a2200109Ia 4500
100 ## - MAIN ENTRY--AUTHOR NAME
Personal name Premakumari D
245 #0 - TITLE STATEMENT
Title Possibility of collecting Hevea seeds at the yellow pod stage
260 ## - PUBLICATION, DISTRIBUTION, ETC. (IMPRINT)
Name of publisher International Rubber Conference, India, 1980
Year of publication 1980
700 ## - ADDED ENTRY--PERSONAL NAME
Personal name Nair V K B
942 ## - ADDED ENTRY ELEMENTS (KOHA)
Koha item type Journals
Holdings
Withdrawn status Lost status Damaged status Not for loan Home library Current library Shelving location Date acquired Koha item type
      Journals RRII Library RRII Library Botany 17/12/2021 Journals